000 00453pab a2200169 454500
008 180718b2001 xxu||||| |||| 00| 0 eng d
100 _aDubhashi, P.R.
245 _aPublic grievances: gimmicks cannot sustain administrative reforms
260 _c2001
300 _ap.6
362 _a8 Feb
650 _aPublic administration
650 _aAdministrative reform - India
650 _aAdministrative reform
773 _aStatesman
909 _a48650
999 _c48650
_d48650